Vrai ou faux - Neymar - Statistiques

Statistiques générales
  • Ce quiz a été pris 889 fois
  • Le résultat moyen est 6 sur 10
Statistiques - réponses
Question Réponse % Correct
Vrai ou faux Un sosie de Neymar se promenait durant la coupe du monde Vrai
87%
Vrai ou faux, Neymar attend un enfant avec sa compagne Bruna Biancardi Vrai
79%
Vrai ou faux, Neymar a liké une vidéo anti-Mbappé Vrai
76%
Vrai ou faux, la fille sur l'image est la soeur de Neymar Vrai
70%
Vrai ou faux, le premier fils de Neymar (Davi Lucca da Silva Santos) habite avec sa mère? Vrai
70%
Vrai ou faux Neymar est le seul joueur Brésilien à avoir fait la couverture du magazine Time? Vrai
59%
Vrai ou faux Neymar a gagné qu'une seule fois le Samba d'or Faux
56%
Vrai ou faux, Neymar est le capitaine de la Seleçao Faux
52%
Vrai ou faux Neymar est apparu dans une scène de xXx: Reactivated Vrai
52%
Vrai ou faux Neymar a assisté aux obsèques de Pelé Faux
27%
Aucun quiz correspondant
Distribution des résultats
% des personnes avec chaque résultat
Percentile par nombre de réponses
Votre historique - résultats
Vous n’avez pas pris ce quiz